Duos musicaux - Statistiques

Statistiques générales
  • Ce quiz a été pris 210 fois
  • Le résultat moyen est 15 sur 50
Statistiques - réponses
Artiste 2 Artiste 1 Chanson % Correct
Slimane Vitaa Je te le donne
74%
Vanessa Paradis Matthieu Chédid La Seine
74%
Bradley Cooper Lady Gaga Shallow
64%
Hélène Ségara Andréa Bocelli Vivo per lei
63%
Alain Delon Dalida Paroles paroles
61%
Natasha St-Pier Pascal Obispo Mourir demain
59%
Garou Michel Sardou La rivière de notre enfance
56%
Maurane Lara Fabian Tu es mon autre
55%
Lady Gaga Beyoncé Telephone
49%
Vianney Boulevard des Airs Allez reste
43%
Glenn Medeiros Elsa Un roman d'amitié
40%
Claudio Capéo Kendji Girac Que dieu me pardonne
39%
Elton John France Gall Donner pour donner
39%
Beyoncé Shakira Beautiful liar
38%
Johnny Hallyday Eddy Mitchell On veut des légendes
38%
Catherine Deneuve Serge Gainsbourg Dieu fumeur de havanes
36%
Seal Mylène Farmer Les mots
36%
Véronique Jannot Laurent Voulzy Désir, désir
36%
Brigitte Bardot Sacha Distel Tu es le soleil de ma vie
34%
Claire Keim Marc Lavoine Je ne veux qu'elle
31%
Justin Timberlake Madonna 4 minutes
30%
Stevie Wonder Paul McCartney Ebony and ivory
28%
Meghan Trainor Charlie Puth Marvin Gaye
27%
Sirima Jean-Jacques Goldman Là-bas
27%
Sophie Marceau François Valéry Dream in blue
27%
Nicoletta Bernard Lavilliers Idées noires
25%
Laura Pausini Hélène Ségara On n'oublie jamais rien, on vit avec
24%
Florence Arthaud Pierre Bachelet Flo
23%
Jacky Lio Tétéou ?
23%
Kiki Dee Elton John Don't Go Breaking My Heart
23%
David Bowie Mick Jagger Dancing in the street
21%
Nicole Kidman Robbie Williams Somethin' stupid
21%
Pia Zadora Jermaine Jackson When the Rain Begins to Fall
21%
Charlotte Gainsbourg Etienne Daho If
20%
Cristina Marocco Marc Lavoine J'ai tout oublié
19%
Montserrat Caballé Freddie Mercury Barcelona
19%
Kate Bush Peter Gabriel Don't give up
18%
Olivia Ruiz Dionysos Tais-toi mon coeur
18%
Jocelyne Béroard Philippe Lavil Kolé Séré
16%
Paul Young Zucchero Senza una donna
15%
Barbra Streisand Donna Summer No more tears ( enough is enough )
10%
Jamie Foxx Kanye West Gold digger
10%
Lionel Richie Diana Ross Endless love
9%
Patrick Duffy Mireille Mathieu Together we're strong
8%
Mary J.Blige George Michael As
7%
Scarlett Johansson Pete Yorn Relator
6%
Bee Gees Céline Dion Immortality
5%
Isabelle Boulay Johnny Hallyday Tout au bout de nos peines
5%
Noëlle Cordier Alain Barrière Tu t'en vas
3%
Frida Daniel Balavoine Belle
2%
Aucun quiz correspondant
Distribution des résultats
% des personnes avec chaque résultat
Percentile par nombre de réponses
Votre historique - résultats
Vous n’avez pas pris ce quiz